Biodiversity of Natma Taung National Park, Myanmar. (Registro nro. 20529)
[ vista simple ]
| 000 -CABECERA | |
|---|---|
| Campo de control | 01042nam a22003257a 4500 |
| 005 - FECHA Y HORA DE LA ULTIMA TRANSACCION | |
| Campo de control | 20191029065641.0 |
| 008 - ELEMENTOS DE LONGITUD FIJA—INFORMACION GENERAL | |
| Campo de control | 191029b xxu||||| |||| 00| 0 spa d |
| 020 ## - ISBN | |
| ISBN | 9788968112560 |
| 040 ## - FUENTE DE CATALOGACIÓN | |
| Agencia catalogadora original | CO-BoIAVH |
| Agencia transcriptora | CO-BoIAVH |
| 041 ## - IDIOMA | |
| Código de idioma para texto/pista de sonido o título separado | Inglés |
| 044 ## - PAÍS DE PUBLICACIÓN | |
| País de publicación | Corea (Sur) |
| 082 ## - NUMERO DE CLASIFICACION DECIMAL DEWEY | |
| Número de clasificación | 333.9507 |
| Número del ítem | L51b |
| 100 1# - ASIENTO PRINCIPAL--NOMBRE PERSONAL | |
| 9 (RLIN) | 101285 |
| Nombre personal | Lee, Woo-Shin |
| 245 ## - MENCION DE TITULO | |
| Título | Biodiversity of Natma Taung National Park, Myanmar. |
| 260 ## - PUBLICACION, DISTRIBUCION, ETC. (PIE DE IMPRENTA) | |
| Lugar de publicación, distribución, etc. | Incheon: |
| Nombre del editor, distribuidor, etc. | National Institute of Biological Resources, |
| Fecha de publicación, distribución, etc. | 2016. |
| 300 ## - DESCRIPCION FISICA | |
| Extensión | 288 Páginas: |
| Otros detalles físicos | Fotografías, |
| Dimensiones | 22 x 15 cm. |
| 650 #0 - ASIENTO SECUNDARIO DE MATERIA - TERMINO TEMATICO | |
| 9 (RLIN) | 101802 |
| Término temático o nombre geográfico como elemento de entrada | Parque nacional |
| Subdivisión de forma | Myanmar |
| Subdivisión geográfica | Corea |
| 650 #0 - ASIENTO SECUNDARIO DE MATERIA - TERMINO TEMATICO | |
| 9 (RLIN) | 54 |
| Término temático o nombre geográfico como elemento de entrada | Biodiversidad |
| 650 #0 - ASIENTO SECUNDARIO DE MATERIA - TERMINO TEMATICO | |
| 9 (RLIN) | 11583 |
| Término temático o nombre geográfico como elemento de entrada | Conservación de los recursos naturales |
| 700 ## - ASIENTO SECUNDARIO - NOMBRE PERSONAL | |
| 9 (RLIN) | 101792 |
| Nombre personal | Baek, Woonsuk |
| 700 ## - ASIENTO SECUNDARIO - NOMBRE PERSONAL | |
| 9 (RLIN) | 101794 |
| Nombre personal | Suh, Min-Hwan |
| 700 ## - ASIENTO SECUNDARIO - NOMBRE PERSONAL | |
| 9 (RLIN) | 101795 |
| Nombre personal | Oh, Kyung-Hee |
| 700 ## - ASIENTO SECUNDARIO - NOMBRE PERSONAL | |
| 9 (RLIN) | 101796 |
| Nombre personal | Kang, Jae-Shin |
| 700 ## - ASIENTO SECUNDARIO - NOMBRE PERSONAL | |
| 9 (RLIN) | 101797 |
| Nombre personal | Lee, Jaeho |
| 700 ## - ASIENTO SECUNDARIO - NOMBRE PERSONAL | |
| 9 (RLIN) | 101798 |
| Nombre personal | Jeon, Mi-Jeong |
| 700 ## - ASIENTO SECUNDARIO - NOMBRE PERSONAL | |
| 9 (RLIN) | 101799 |
| Nombre personal | Kyaw, Nyi Nyi |
| 700 ## - ASIENTO SECUNDARIO - NOMBRE PERSONAL | |
| 9 (RLIN) | 101800 |
| Nombre personal | Thaw, Win Naing |
| 700 ## - ASIENTO SECUNDARIO - NOMBRE PERSONAL | |
| 9 (RLIN) | 101801 |
| Nombre personal | Tun, Naing Zaw |
| 942 ## - ELEMENTOS ADICIONALES (KOHA) | |
| Sistema de clasificación | Dewey Decimal Classification |
| Tipo de ítem | Libro |
| Withdrawn status | Lost status | Sistema de Clasificación | Damaged status | No para préstamo | Colección | Ubicación Permanente | Ubicación actual | Fecha de adquisición | Total Checkouts | Número topográfico | Inventario / Código de Barras | Date last seen | Ejemplar | Price effective from | Forma de adquisición | Tipo de material |
|---|---|---|---|---|---|---|---|---|---|---|---|---|---|---|---|---|
| Dewey Decimal Classification | General | Bogotá | Bogotá | 29/10/2019 | LB-333.9507 L51b | 043643 | 29/10/2019 | Ej.1 | 29/10/2019 | Canje | Libro |